000 00502nam a2200181Ia 4500
999 _c8916
_d8916
003 OSt
005 20201008105849.0
008 190216s9999||||xx |||||||||||||| ||und||
020 _a9788126511594
040 _coclc
082 _a006.696
_bMUR/M
100 _aMurdock, Kelly L
_95444
245 0 _a3ds Max 9 Bible /
_cKelly L Murdock
260 _bWiley India,
_aNew Delhi:
_c2007.
300 _a1250p
650 _aComputer
942 _cBK
_2ddc
_h006.696
_iMUR/M
_k006.696
_mMUR/M